000 01399nam a2200373Ia 4500
001 7945
005 20251216154009.0
008 170328s2015 c a g 000 f s
020 _a9789584238788 (volumen 6)
020 _a9789584238726 (obra completa)
040 _aCO-BoRNBP
_bspa
_erda
_cCO-BoRNBP
041 _aspa
084 _aN LEW2
100 1 _aLewis, Clive Staples
_d1898-1963
_936272
245 1 4 _aLas crónicas de Narnia 6:
_bla silla de plata /
_cC.S. Lewis ; traducción de Gemma Gallart ; ilustraciones de Pauline Baynes
250 _a5a. edición
264 _aBogotá
_bDestino
_c2015
300 _a299 páginas
_bilustraciones a blanco y negro
_c21 cm
336 _atexto
_btxt
_2rdacontent
337 _asin mediación
_bn
_2rdamedia
338 _avolumen
_bnc
_2rdacarrier
500 _aIncluye datos biográficos del autor
521 _aRecomendado desde los 12 años
534 _tThe Silver Chair
650 1 4 _2LEMB
_aNovela británica
_ySiglo XIX
_968055
650 1 4 _2LEMB
_aLiteratura británica
_ySiglo XIX
_968056
650 1 4 _2LEMB
_aAventuras en la literatura
_9492
650 1 4 _2LEMB
_aFantasía en la literatura
_9858
650 1 4 _2LEMB
_aImaginación en la literatura
_9890
650 1 4 _2LEMB
_aLibros ilustrados para niños
_92001
700 1 _aGallart, Gemma
_etraductor
_936276
700 1 _aBaynes, Pauline
_d1922-2008
_eilustrador
_968052
942 _2loc
_cBKLIT
999 _c7945
_d7945